Landen die starten met een V - Statistieken

Algemene statistieken
  • Deze quiz is 46 keer genomen
  • De gemiddelde score is 5 van 7
Antwoordstatistieken
Land % Correct
Venezuela
94%
Verenigde Staten
84%
Verenigd Koninkrijk
75%
Vanuatu
72%
Vietnam
66%
Vaticaanstad
63%
Verenigde Arabische Emiraten
53%
Geen overeenkomende quizzen gevonden
Scoreverdeling
Procent van Mensen met Elke Score
Percentiel versus Aantal Correcte Antwoorden
Uw Scoregeschiedenis
U heeft deze quiz nog niet genomen